Bebe rexha songs - Statistics

General Stats
  • This quiz has been taken 39 times
  • The average score is 42 of 89
Answer Stats
Hint Answer % Correct
Call On Me
85%
Hey Mama (Ft. Nicki Minaj, Bebe Rexha & Afrojack)
81%
I Got You
81%
I Got You
81%
I'm Good (Blue) (With David Guetta)
77%
Collaborations In the Name Of Love (With Martin Garrix)
77%
I'm a Mess
73%
Expectations Ferrari
69%
F.F.F (Ft. G-Eazy)
69%
Meant to be (With Florida Georgia Line)
69%
Meant to be (With Florida Georgia Line)
69%
Grace
65%
I'm Gonna Show You Crazy
65%
(Not) The One
65%
You Can't Stop the Girl
65%
Home (With MGK, Ambassadors & Bebe Rexha)
62%
I Can't Stop Drinking About You
62%
Knees
62%
2 Souls on Fire (Ft. Quavo)
58%
Bad Bitch (Ft. Ty Dolla Sign)
58%
Better Mistakes
58%
I Am
58%
I Don't Wanna Grow Up-EP I don't wanna grow up
58%
Mine
58%
My Oh My (With Tove Lo)
58%
One in a Million (With David Guetta)
58%
All Your Fault Pt.1 Atmosphere
54%
Gateway Drug
54%
No Broken hearts (Ft. Nicki Minaj)
54%
Pillow
54%
Say My Name (With David Guetta & J Balvin)
54%
Small Doses
54%
Small Doses
54%
Girls (Ft. Cardi B, Bebe Rexha & Charli XCX)
50%
Singles I'm The Drama
50%
Last Hurrah
50%
Me, Myself & I (With G-Eazy)
50%
Sacrifice
50%
Sad
50%
Self Control
50%
Amore (Ft. Rick Ross)
46%
Baby, I'm Jealous (Ft. Doja cat)
46%
Back to you (Ft. Bebe Rexha)
46%
Better Mistakes Break My Heart Myself (Ft. Travis Barker)
46%
Comfortable
46%
Die For a Man (Ft. Lil Uzi Vert)
46%
Don't Get any Closer
46%
Sabotage
46%
Steady (Ft. Tory Lanez)
46%
All Your Fault Pt.2 That's It (Ft. Gucci Mane and 2 Chainz)
46%
The way I are ( Dance with Somebody)
46%
Blue Moon
42%
Call You mine (With The Chainsmokers)
42%
Empty
42%
I'm Not High, I'm In Love
42%
Mama
42%
Pray
42%
Shining Star
42%
Trust Fall
42%
Born Again
38%
Deep In Your Love (With Alok)
38%
Miracle Man
38%
Not 20 Anymore
38%
Satellite (With Snoop Dogg)
38%
Sweet Beginnings
38%
When It Rains
38%
Chase it (Mmm Da Da Da)
35%
Death Row
35%
Heart Still Beating (With Nathan Dawe)
35%
I Got Time
35%
My Dear Love (Ft. Ty Dolla Sign and Trevor Daniel)
35%
On The Go (Ft. Pink SweatS & Lunay)
35%
Seasons (With Dolly Parton)
35%
Visions (Don't Go)
35%
Count on Christmas
31%
Family (Ft. Bebe Rexha, Ty Dolla Sign & A Boogie Wit Da Hoodie)
31%
Gone
31%
Harder (With Jax Jones)
31%
Chain My Heart (With Topic)
27%
Push Back (Ne-Yo & Stefflon Don)
23%
That's How You Know (Ft. Kid Ink & Bebe Rexha)
23%
American Citizen
19%
BEBE Hearts Wants What It Want
19%
If only I (With Loud Luxury & Two Friends)
19%
It's On (Fifa Club World Cup 2023's song)
19%
Stars (With PNAU &Ozuna)
19%
Battle Cry (Ft. Bebe Rexha & Savi)
12%
I'm Not Pretty (Ft. Bebe Rexha) (Remix)
8%
Sink or Swims
0%
No matching quizzes found
Score Distribution
Percent of People with Each Score
Percentile by Number Answered
Your Score History
You have not taken this quiz